MyGZULibrary

As you like it / (Record no. 8262)

MARC details
000 -LEADER
fixed length control field 01135cam a2200325 a 4500
001 - CONTROL NUMBER
control field 15926305
003 - CONTROL NUMBER IDENTIFIER
control field GZU
005 - DATE AND TIME OF LATEST TRANSACTION
control field 20210519091221.0
008 - FIXED-LENGTH DATA ELEMENTS--GENERAL INFORMATION
fixed length control field 090929s2009 enka 000 0 eng d
010 ## - LIBRARY OF CONGRESS CONTROL NUMBER
LC control number 2009464855
020 ## - INTERNATIONAL STANDARD BOOK NUMBER
International Standard Book Number 9780521734370 (pbk.)
035 ## - SYSTEM CONTROL NUMBER
System control number (OCoLC)ocn286434322
040 ## - CATALOGING SOURCE
Original cataloging agency BTCTA
Transcribing agency BTCTA
Modifying agency YDXCP
-- BWX
-- IUP
-- DLC
042 ## - AUTHENTICATION CODE
Authentication code lccopycat
050 00 - LIBRARY OF CONGRESS CALL NUMBER
Classification number PR2803
Item number .AND 2009
082 00 - DEWEY DECIMAL CLASSIFICATION NUMBER
Classification number 822.3/3
Edition number 22
100 1# - MAIN ENTRY--PERSONAL NAME
Personal name Shakespeare, William,
Dates associated with a name 1564-1616.
245 10 - TITLE STATEMENT
Title As you like it /
Statement of responsibility, etc. William Shakespeare ; edited by Richard Andrews and Rex Gibson.
250 ## - EDITION STATEMENT
Edition statement 2nd ed.
260 ## - PUBLICATION, DISTRIBUTION, ETC.
Place of publication, distribution, etc. Cambridge ;
-- New York :
Name of publisher, distributor, etc. Cambridge University Press,
Date of publication, distribution, etc. 2009.
300 ## - PHYSICAL DESCRIPTION
Extent xii, 196 p. :
Other physical details ill. (some col.) ;
Dimensions 23 cm.
490 0# - SERIES STATEMENT
Series statement Cambridge School Shakespeare
600 10 - SUBJECT ADDED ENTRY--PERSONAL NAME
Personal name Shakespeare, William,
Dates associated with a name 1564-1616.
Title of a work As you like it.
650 #0 - SUBJECT ADDED ENTRY--TOPICAL TERM
Topical term or geographic name entry element English drama (Comedy)
700 1# - ADDED ENTRY--PERSONAL NAME
Personal name Andrews, Richard,
Dates associated with a name 1953 April 1-
700 1# - ADDED ENTRY--PERSONAL NAME
Personal name Gibson, Rex.
906 ## - LOCAL DATA ELEMENT F, LDF (RLIN)
a 7
b cbc
c copycat
d 2
e ncip
f 20
g y-gencatlg
942 ## - ADDED ENTRY ELEMENTS (KOHA)
Source of classification or shelving scheme Library of Congress Classification
Koha item type Books
Classification part 2807
Item part AND
Call number prefix PR
Holdings
Withdrawn status Lost status Damaged status Not for loan Collection code Home library Current library Shelving location Date acquired Total Checkouts Full call number Barcode Date last seen Copy number Price effective from Koha item type Date last checked out
        Non-fiction Mashava Campus Library Mashava Campus Library General Stacks 05/19/2021   PR2807AND2000 G23835 05/19/2021 c.1 05/19/2021 Books  
        Non-fiction Mashava Campus Library Mashava Campus Library General Stacks 05/19/2021   PR2807AND2000 G23839 05/19/2021 c.2 05/19/2021 Books  
        Non-fiction Mashava Campus Library Mashava Campus Library General Stacks 05/19/2021   PR2807AND2000 G23809 05/19/2021 c.3 05/19/2021 Books  
        Non-fiction Mashava Campus Library Mashava Campus Library General Stacks 05/19/2021 1 PR2807AND2000 G23836 11/08/2023 c.4 05/19/2021 Books 11/01/2023